Usahasama korporat.
| Main Author: | |
|---|---|
| Format: | Book |
| Published: |
Seremban:
Dewan Perniagaan Melayu Malaysia, Cawangan Negeri Sembilan,
1999.
|
| Subjects: |
| LEADER | 00541cam a2200181 7i4500 | ||
|---|---|---|---|
| 001 | 0000013135 | ||
| 005 | 20031225090000.0 | ||
| 020 | 0 | 0 | |a 9834011601 |
| 090 | 0 | 0 | |a B 658.047 |b USA |
| 100 | 1 | 0 | |a Abdul Murad Ahmad |
| 245 | 1 | 0 | |a Usahasama korporat. |
| 260 | 0 | 0 | |a Seremban: |b Dewan Perniagaan Melayu Malaysia, Cawangan Negeri Sembilan, |c 1999. |
| 300 | # | # | |a 66 p. |
| 500 | 0 | 0 | |a Siri Motivasi Usahawan |
| 650 | 0 | 0 | |a Business enterprises |
| 650 | 0 | 0 | |a Businessmen -- |z Malaysia |
| 651 | 0 | 0 | |a Malaysia |
| 999 | |a 0000013557 |b Book |c Book |e Business Information Centre | ||


